000 00601nam a22001937a 4500
003 NUST
005 20230126155216.0
008 190705b ||||| |||| 00| 0 eng d
038 _aMr.Atta
082 _a510
100 _aMaqsood, Najwa
_916782
245 _aNumerical solution for rotating flow of viscoelastic fluid with heat and mass transfer effect
_cNajwa Maqsood
260 _aIslamabad :
_bSNS - NUST,
_c2017.
300 _a42 p. ; ill. ;
_c30cm.
500 _aHardcover.
650 _aMathematics - M.Phil Thesis
_916594
700 _aDr. Meraj Mustafa Hashmi
_916147
942 _2ddc
_cTHE
999 _c525839
_d525839